[Event "Challenge"]
[Site "http://www.queenalice.com/game.php?id=1312072"]
[Date "2014.10.2"]
[Round "-"]
[White "uribemoises"]
[Black "dejami"]
[Result "1-0"]
[WhiteElo "1390"]
[BlackElo "1735"]

1. Nf3 c6 2. e4 Nf6 3. d3 Qb6 4. Nc3 Ng4 5. Qd2 g6 6. d4 Bh6 7. Qe2 Bxc1 8. Rxc1
Qxb2 9. Qd2 Qb6 10. Be2 h5 11. O-O Qc7 12. d5 f6 13. h3 Nh6 14. e5 fxe5 15. d6
exd6 16. Ng5 d5 17. Bd3 e4 18. Be2 b5 19. a3 Qa5 20. Ra1 Qc7 21. Nxd5 cxd5 22.
Qxd5 Bb7 23. Qxb5 a6 24. Qb2 Rf8 25. Qg7 Nf7 26. Nxf7 Rxf7 27. Qxg6 Nc6 28. Bxh5
Ne5 29. Qf6 Kf8 30. Qh6+ Kg8 31. f4 Rh7 32. Qg5+ Rg7 33. Qxe5 Qxe5 34. fxe5 Rg5
35. Bf7+ Kg7 36. Rf6 Rxe5 37. Raf1 Rg5 38. g4 Rc8 39. Bb3 Rc3 40. Kh2 Rf3 41.
R6xf3 exf3 42. Kg3 Ra5 43. a4 Rc5 44. Rd1 Rc7 45. Bd5 Bxd5 46. Rxd5 Kf7 47. Rf5+
Ke6 48. Rxf3 Rxc2 49. Rf4 Ke5 50. g5 d5 51. g6 Rc8 52. h4 Rc3+ 53. Kg4 Rc1 54.
Rb4 d4 55. Rb8 Kf6 56. Kh5 Rg1 57. Rf8+ Kg7 58. Rf7+ Kg8 59. Kh6 d3 60. Rd7 Rg4
61. Rd8# 1-0

[Event "Challenge"]
[Site "http://www.queenalice.com/game.php?id=1316927"]
[Date "2014.10.21"]
[Round "-"]
[White "Petrucio"]
[Black "uribemoises"]
[Result "1-0"]
[WhiteElo "1155"]
[BlackElo "1363"]

1. Nc3 e5 2. e4 c6 3. Qh5 g6 4. Qxe5+ Qe7 5. Qxh8 Nf6 6. Bc4 d5 7. Bb3 Nbd7 8.
d4 dxe4 9. Ba4 Qd6 10. f3 a6 11. Bg5 Qxd4 12. fxe4 b5 13. Nge2 Qe5 14. Ng3 Qxg5
15. Bb3 Ne5 16. h4 Qe3+ 17. Nce2 Ke7 18. Nf1 Qh6 19. g3 Bg7 20. Bxf7 Nxf7 21. e5
Bxh8 22. Nf4 Ng4 23. Rd1 Bxe5 24. Ne3 1-0

[Event "Challenge"]
[Site "http://www.queenalice.com/game.php?id=1318595"]
[Date "2014.10.28"]
[Round "-"]
[White "gobblemate"]
[Black "uribemoises"]
[Result "1-0"]
[WhiteElo "1733"]
[BlackElo "1441"]

1. d4 d5 2. c4 Nf6 3. Nc3 c6 4. Qd3 Qd6 5. f4 Ng4 6. Nf3 g6 7. e4 Nd7 8. h3 Ngf6
9. cxd5 Bh6 10. e5 Nxe5 11. fxe5 Bf5 12. Qxf5 gxf5 13. exd6 Bxc1 14. Rxc1 exd6
15. dxc6 bxc6 16. Bd3 Ne4 17. Nxe4 fxe4 18. Bxe4 O-O 19. O-O Rac8 20. Bf5 Rce8
21. Rxc6 Kh8 22. Rxd6 Rg8 23. Ra6 Re2 24. Rxa7 Rgxg2+ 25. Kh1 Rgf2 26. Rxf2 Rxf2
27. Nh4 Rf4 28. Rxf7 Rxh4 29. Rxh7+ Rxh7 30. Bxh7 Kxh7 31. a4 Kg7 32. a5 Kf6 33.
a6 Ke6 34. a7 Kd5 35. a8=Q+ Kxd4 36. h4 Ke5 37. b4 Kf5 38. Qd5+ Kg4 39. b5 Kxh4
40. Qg8 Kh5 41. b6 Kh4 42. b7 1-0

[Event "Challenge"]
[Site "http://www.queenalice.com/game.php?id=1318596"]
[Date "2014.10.28"]
[Round "-"]
[White "uribemoises"]
[Black "gobblemate"]
[Result "0-1"]
[WhiteElo "1420"]
[BlackElo "1653"]

1. Nf3 d5 2. d4 Nf6 3. Ne5 c6 4. f3 e6 5. e3 Bd6 6. c3 b6 7. Be2 O-O 8. O-O Bb7
9. b4 Nbd7 10. Nxd7 Qxd7 11. Qd3 e5 12. dxe5 Bxe5 13. f4 Bc7 14. Nd2 Rae8 15. e4
dxe4 16. Qxd7 Nxd7 17. Ba3 f5 18. b5 c5 19. Bc4+ Kh8 20. Rad1 Nf6 21. Rfe1 Bxf4
22. Rf1 e3 23. Rxf4 exd2 24. Rxd2 Ne4 25. Rd7 Nxc3 26. Bb2 Ne2+ 27. Kh1 Nxf4 28.
Rxb7 Re1+ 29. Bf1 Rxf1# 0-1

[Event "campeon"]
[Site "http://www.queenalice.com/game.php?id=1319363"]
[Date "2014.10.31"]
[Round "-"]
[White "uribemoises"]
[Black "genehefty"]
[Result "1-0"]
[WhiteElo "1437"]
[BlackElo "1164"]

1. Nf3 Nf6 2. Nc3 g6 3. e4 c5 4. d4 Na6 5. Nb5 Bg7 6. dxc5 Nxc5 7. Bc4 Nfxe4 8.
Be3 a6 9. Nc3 b5 10. Bd5 Nxc3 11. bxc3 Rb8 12. Bxc5 e6 13. Be4 f5 14. Bd3 d6 15.
Be3 Bxc3+ 16. Nd2 Bxa1 17. Qxa1 e5 18. f4 exf4 19. Qxh8+ Kd7 20. Qxh7+ Kc6 21.
Bxf4 Bd7 22. O-O g5 23. Qh6 Qb6+ 24. Kh1 gxf4 25. Qxf4 d5 26. Nb3 Kb7 27. Re1
Qc7 28. Qd4 Bc6 29. Na5+ Qxa5 30. Qg7+ Ka8 31. Qa1 f4 32. Rf1 Qd8 33. Rxf4 Qc7
34. Rf1 Qd6 35. a4 d4 36. axb5 Bxg2+ 37. Kxg2 Rg8+ 38. Kf2 Qxh2+ 39. Ke1 Qh4+
40. Kd1 Rg2 41. Qxa6+ Kb8 42. Rf8+ 1-0

[Event "la revancha"]
[Site "http://www.queenalice.com/game.php?id=1319374"]
[Date "2014.10.31"]
[Round "-"]
[White "genehefty"]
[Black "uribemoises"]
[Result "0-1"]
[WhiteElo "1172"]
[BlackElo "1417"]

1. g3 d5 2. Nf3 Nc6 3. d4 Nf6 4. Bd2 Ne4 5. Ng5 Nxf2 6. Kxf2 Nxd4 7. Ke1 f6 8.
Nf3 e5 9. c3 Nxf3+ 10. exf3 d4 11. Bb5+ c6 12. Ba4 Bc5 13. b4 Be7 14. f4 O-O 15.
Bc2 g6 16. fxe5 fxe5 17. Qe2 Bf6 18. Na3 a5 19. Qc4+ Kg7 20. Bd3 b5 21. Qxc6 Ra6
22. Qxb5 a4 23. Qb8 Qd5 24. Bxa6 Qxh1+ 25. Kf2 Qxa1 26. Qc7+ Rf7 27. Bh6+ Kxh6
28. Qxf7 Bxa6 29. b5 Qb2+ 30. Kg1 Qxa3 31. Qf8+ Qxf8 32. bxa6 Qa8 0-1

[Event "Challenge"]
[Site "http://www.queenalice.com/game.php?id=1320113"]
[Date "2014.11.3"]
[Round "-"]
[White "jbugg"]
[Black "uribemoises"]
[Result "1-0"]
[WhiteElo "1483"]
[BlackElo "1411"]

1. e4 e5 2. Nf3 Nh6 3. Bc4 Bc5 4. Ng5 O-O 5. Nf3 d6 6. O-O Nc6 7. h3 Nd4 8. Nxd4
Bxd4 9. Qh5 Be6 10. d3 Bxc4 11. dxc4 f5 12. Nd2 f4 13. Nf3 Qe8 14. g4 Qxh5 15.
gxh5 Bc5 16. Kh1 b6 17. Bd2 a5 18. Kg2 Nf7 19. h4 h6 20. Rg1 Kh7 21. Rh1 Rg8 22.
Rag1 g5 23. Rh2 g4 24. Ne1 g3 25. fxg3 fxg3 26. Rh3 Bxg1 27. Kxg1 Raf8 28. Kg2
Nd8 29. Be3 Ne6 30. a4 Nf4+ 31. Bxf4 Rxf4 32. Rxg3 Rxe4 33. Nf3 Re2+ 34. Kh3
Rxc2 35. Rxg8 Rxc4 36. Rc8 c5 37. Rc7+ Kh8 38. Rc6 e4 39. Nd2 Rd4 40. Nf1 Rd3+
41. Kg4 e3 42. Kf3 Rb3 43. Nxe3 Rxb2 44. Rxd6 Rb4 45. Rxh6+ Kg8 46. Nf5 c4 47.
Kg4 c3+ 48. Kg5 c2 49. Rc6 Rb2 50. Nd4 Rb4 51. Nxc2 Rxa4 52. Rxb6 Rc4 53. Ne3
Rc5+ 54. Nf5 Rc1 55. h6 Rc8 56. Ne7+ 1-0

[Event "rematch"]
[Site "http://www.queenalice.com/game.php?id=1320720"]
[Date "2014.11.6"]
[Round "-"]
[White "uribemoises"]
[Black "jbugg"]
[Result "1-0"]
[WhiteElo "1398"]
[BlackElo "1484"]

1. e4 e5 2. Nf3 Nc6 3. c3 Nf6 4. d3 Bc5 5. d4 Bb6 6. Bd3 O-O 7. O-O exd4 8. Nxd4
Nxd4 9. cxd4 Bxd4 10. Be2 Nxe4 11. Qxd4 Qe7 12. Nc3 Nc5 13. Be3 b6 14. Bf3 c6
15. b4 Ne6 16. Qc4 b5 17. Nxb5 Ba6 18. a4 cxb5 19. axb5 Rac8 20. Qd3 Ng5 21.
bxa6 Nxf3+ 22. gxf3 d6 23. Kh1 Rfd8 24. Rg1 Qe6 25. Rac1 Rb8 26. b5 Qf6 27. Bd4
Qh6 28. Bxa7 Ra8 29. Be3 Qf6 30. b6 d5 31. b7 Qxa6 32. Qxa6 Rxa6 33. Rb1 Rb8 34.
Bf4 Re8 35. b8=Q Rxb8 36. Rxb8# 1-0

[Event "Challenge"]
[Site "http://www.queenalice.com/game.php?id=1320771"]
[Date "2014.11.6"]
[Round "-"]
[White "jbugg"]
[Black "uribemoises"]
[Result "0-1"]
[WhiteElo "1465"]
[BlackElo "1423"]

1. e4 e5 2. Nf3 Nc6 3. Bc4 Nf6 4. Ng5 d5 5. exd5 Nxd5 6. Qf3 Qxg5 7. Bxd5 Be6 8.
Nc3 O-O-O 9. Bxc6 bxc6 10. d3 Qe7 11. O-O Bd5 12. Qf5+ Be6 13. Qxe5 f6 14. Qe3
g5 15. Qxa7 Kd7 16. Na4 Ke8 17. Nc5 Bc8 18. Be3 Bg7 19. Qa4 Kf7 20. Qxc6 Rd6 21.
Qf3 h5 22. Ne4 Bg4 23. Nxg5+ Kg6 24. Qe4+ Qxe4 25. dxe4 fxg5 26. c3 Re6 27. h3
Be2 28. Rfe1 Bd3 29. f3 Be5 30. Rad1 Bc4 31. a4 Ra8 32. Ra1 Bb3 33. Ra3 Bxa4 34.
Bd2 Rea6 35. b4 Bb5 36. Rb3 h4 37. Kf2 Bg3+ 38. Ke3 Bxe1 39. Bxe1 Ra1 40. Kd2
Rd8+ 41. Kc2 Rxe1 42. f4 Ba4 43. f5+ Kh5 44. f6 Bxb3+ 45. Kxb3 Rxe4 46. g4+ Kh6
47. c4 Rf8 48. b5 Rxf6 49. Kb4 Re3 50. c5 Rxh3 51. c6 Rf4+ 52. Ka5 Ra3# 0-1

[Event "uno mas"]
[Site "http://www.queenalice.com/game.php?id=1322284"]
[Date "2014.11.15"]
[Round "-"]
[White "uribemoises"]
[Black "jbugg"]
[Result "0-1"]
[WhiteElo "1442"]
[BlackElo "1452"]

1. c4 d6 2. d4 e5 3. Nf3 Be6 4. e3 e4 5. Nfd2 Bf5 6. Be2 Nf6 7. O-O Ng4 8. f3
Nxe3 9. Qe1 Nxf1 10. Qxf1 exf3 11. Qxf3 Nc6 12. Qxf5 Nxd4 13. Qe4+ Qe7 14. Qxb7
Nxe2+ 15. Kh1 Rd8 16. Nc3 c5 17. Nxe2 Qxb7 0-1

[Event "revencha"]
[Site "http://www.queenalice.com/game.php?id=1322563"]
[Date "2014.11.17"]
[Round "-"]
[White "jbugg"]
[Black "uribemoises"]
[Result "1-0"]
[WhiteElo "1456"]
[BlackElo "1406"]

1. e4 Nc6 2. Nf3 f6 3. Bc4 e6 4. O-O Bd6 5. Re1 Na5 6. Bd3 e5 7. a3 c5 8. c4 Nh6
9. Nc3 b6 10. Nb5 Bb8 11. b4 a6 12. Nc3 Bb7 13. bxa5 bxa5 14. Rb1 Qc7 15. Nh4
Qd6 16. Rxb7 Qxd3 17. Qb3 O-O 18. Qa4 Rd8 19. Qxa5 Bd6 20. Nf5 Nxf5 21. exf5
Qxf5 22. Qb6 Bf8 23. Nd5 Re8 24. Nc7 Red8 25. Nxa8 Rxa8 26. Rc7 d6 27. Qc6 Rb8
28. Qxa6 Rb1 29. Qa4 h6 30. Qe8 Qc2 31. Qf7+ Kh7 32. Qh5 Qxc1 33. Qf5+ Kg8 34.
Qe6+ Kh7 35. Qf5+ Kg8 36. Qxb1 Qxc4 37. h3 Qa6 38. Qg6 Qa8 39. Qf7+ Kh7 40. Qe6
Qd8 41. Rc8 Qe7 42. Qf5+ g6 43. Qb1 Bg7 44. Qb6 Qe6 45. Rc6 Qa2 46. Qa5 Qd5 47.
Rc8 g5 48. a4 Qe6 49. Rc7 Kg6 50. Qa7 Bf8 51. a5 Be7 52. Rxe7 Qxe7 53. Qxe7 1-0

[Event "uno mas"]
[Site "http://www.queenalice.com/game.php?id=1323238"]
[Date "2014.11.20"]
[Round "-"]
[White "jbugg"]
[Black "uribemoises"]
[Result "1-0"]
[WhiteElo "1491"]
[BlackElo "1390"]

1. e4 e5 2. Nf3 f6 3. Bc4 d6 4. O-O Nc6 5. c3 f5 6. exf5 g6 7. d4 gxf5 8. Qb3
Na5 9. Qb5+ Nc6 10. Bg5 Be7 11. Bxe7 Nxe7 12. dxe5 dxe5 13. Nxe5 a6 14. Qc5 Nxe5
15. Qxe5 Rg8 16. Bxg8 Qd6 17. Re1 Qxe5 18. Rxe5 h6 19. Bh7 Kf8 20. Re3 Kg7 21.
Rxe7+ Kf8 22. Rxc7 Be6 23. Rxb7 Re8 24. b4 Bxa2 25. Nd2 Bd5 26. Rb6 Kg7 27. Bxf5
Re2 28. Nf3 Bc4 29. h4 Bd5 30. Raxa6 Re7 31. Rg6+ Kf8 32. Rxh6 Rg7 33. Kh2 Bxf3
34. gxf3 Rf7 35. Ra8+ Kg7 36. Rg6+ Kh7 37. Rf6+ Kg7 38. Rxf7+ Kxf7 39. b5 Kf6
40. Bh3 Ke5 41. b6 Kf4 42. b7 1-0

[Event "el javaly"]
[Site "http://www.queenalice.com/game.php?id=1323239"]
[Date "2014.11.20"]
[Round "-"]
[White "uribemoises"]
[Black "jbugg"]
[Result "0-1"]
[WhiteElo "1378"]
[BlackElo "1503"]

1. e4 Nf6 2. Nc3 b6 3. d4 Bb7 4. Nf3 Nxe4 5. Nxe4 Bxe4 6. Bd3 Bd5 7. O-O e6 8.
c4 Bb7 9. Bg5 Be7 10. Bf4 O-O 11. Ng5 Bxg5 12. Bxg5 Qxg5 13. d5 exd5 14. f4 Qf6
15. b3 d4 16. Qh5 g6 17. Qh3 a5 18. f5 g5 19. g4 Nc6 20. a3 Ne5 0-1